Statystyki dla Największe miasta podanych państw #3

Kliknij tutaj aby rozwiązać quiz!

Ogólne statystyki

  • Ten quiz został rozwiązany 121 razy
    (116 od ostatniego zresetowania)
  • Średni wynik to 14 z 35

Statystyki odpowiedzi

Miasta% Poprawnych
Kopenhaga
96%
Oslo
94%
Sztokholm
93%
Helsinki
91%
Ryga
89%
Wilno
89%
Tallinn
88%
Malmö
80%
Göteborg
71%
Kowno
67%
Kłajpeda
54%
Bergen
48%
Trondheim
45%
Aalborg
40%
Odense
40%
Aarhus
36%
Oulu
31%
Uppsala
26%
Dyneburg
23%
Espoo
23%
Stavanger
22%
Tampere
21%
Tartu
20%
Szawle
18%
Narwa
16%
Poniewież
12%
Parnawa
10%
Jurmała
9%
Lipawa
9%
Västerås
8%
Fredrikstad
7%
Jełgawa
7%
Vantaa
5%
Frederiksberg
4%
Kohtla-Järve
0%

Rozkład punktacji

Percentyl według liczby udzielonych odpowiedzi

Procent ludzi z każdym wynikiem

Twoja historia wyników

Nie rozwiązałeś tego quizu od ostatniego zresetowania